000 01043cam a22003017a 4500
001 17388341
003 CEME
005 20210628201606.0
008 120716s2011 enka b 001 0 eng
010 _a 2012405568
015 _aGBB079148
_2bnb
016 7 _a015589908
_2Uk
020 _a9781848164536 (hbk.)
020 _a184816453X (hbk.)
035 _a(OCoLC)ocn432993695
040 _aUKM
_cUKM
_dBTCTA
_dYDXCP
_dC#P
_dCDX
_dDLC
042 _alccopycat
050 0 0 _aTK7871.67.M5
_bL44 2011
082 0 4 _a621.3824
_222
100 1 _aLee, Kai Fong, Luk, Kwai Man
_955962
245 1 0 _aMicrostrip patch antennas /
_cKai Fong Lee, Kwai Man Luk.
260 _aLondon :
_bImperial College Press ;
_aSingapore ;
_aHackensack, NJ :
_bDistributed by World Scientific Pub.,
_cc2011.
300 _axx, 524 p. :
_bill. (some col.) ;
_c24 cm.
504 _aIncludes bibliographical references and index.
650 0 _aMicrostrip antennas
_xDesign and construction.
_955963
700 1 _aLuk, K. M.
_q(Kwai Man),
_d1958-
_955964
942 _2ddc
_cBK
999 _c566547
_d566547